000
00335nam a2200121Ia 4500
008
160609s9999 xx 000 0 und d
100
_a
Marinacci, Josh.
245
_a
HTML Canvas Deep Dive
245
_c
by Josh Marinacci
260
_c
2012
650
_x
WEB DESIGN
856
_u
http://joshondesign.com/p/books/canvasdeepdive/toc.html
999
_c
295817
_d
295817